[Event "CAN-ch U20"]
[Site "Mississauga CAN"]
[Date "2011.04.21"]
[Round "1"]
[White "Giblon, Melissa"]
[Black "Peng, Jackie"]
[Result "0-1"]
[WhiteElo "1348"]
[BlackElo "1952"]
[PlyCount "116"]
[GameId "2160767909770573"]
[EventDate "2011.04.22"]
[EventType "swiss"]
[EventRounds "9"]
[EventCountry "CAN"]
[SourceTitle "EXT 2022"]
[Source "ChessBase"]
[SourceDate "2021.10.06"]
[SourceVersion "1"]
[SourceVersionDate "2021.10.06"]
[SourceQuality "1"]

1. c4 Nf6 2. Nc3 d6 3. g3 g6 4. Bg2 Bg7 5. e3 O-O 6. Nge2 c6 7. O-O Nbd7 8. d4 e5 9. a3 Re8 10. b4 e4 11. Qc2 d5 12. Qb3 Nb6 13. c5 Nc4 14. Na4 Bg4 15. Nec3 Qd7 16. Nb2 Nxb2 17. Bxb2 Bh3 18. b5 Bxg2 19. Kxg2 h5 20. a4 h4 21. Qd1 hxg3 22. fxg3 Nh7 23. h4 Bh6 24. Qe2 Kg7 25. Qf2 Rh8 26. Rad1 g5 27. Nxe4 gxh4 28. Nf6 Nxf6 29. Qxf6+ Kg8 30. bxc6 bxc6 31. Bc1 hxg3 32. Kxg3 Bg7 33. Qf5 Qxf5 34. Rxf5 Rb8 35. Rdf1 f6 36. Bd2 Rb2 37. R1f2 Kf7 38. R5f4 Rf8 39. R4f3 Re8 40. Be1 Rb3 41. Re2 Re4 42. a5 Bh6 43. Kf2 Bg5 44. Rh3 Kg6 45. Rg3 Kh5 46. Rh3+ Kg4 47. Rg3+ Kf5 48. Rf3+ Ke6 49. Rh3 f5 50. Rh7 Bxe3+ 51. Kg2 Bxd4 52. Rxe4+ dxe4 53. Rxa7 f4 54. Ra6 Kd5 55. Ra8 f3+ 56. Kf1 e3 57. Rd8+ Kxc5 58. a6 e2# 0-1

[Event "CAN-ch U20"]
[Site "Mississauga CAN"]
[Date "2011.04.21"]
[Round "1"]
[White "Gladstone, Simon"]
[Black "Liu, Jiaxin (Dora)"]
[Result "1-0"]
[WhiteElo "1999"]
[BlackElo "1446"]
[PlyCount "55"]
[GameId "2160767909770575"]
[EventDate "2011.04.22"]
[EventType "swiss"]
[EventRounds "9"]
[EventCountry "CAN"]

1. e4 c5 2. Nf3 d6 3. d4 cxd4 4. Nxd4 Nf6 5. Nc3 a6 6. Be2 e6 7. f4 Qc7 8. Be3 Be7 9. O-O O-O 10. Bf3 Nbd7 11. Qe1 Nb6 12. Bf2 e5 13. Nde2 Ng4 14. Bxg4 Bxg4 15. f5 Bxe2 16. Qxe2 Rac8 17. Kh1 Bd8 18. Rad1 Qc6 19. Bxb6 Qxb6 20. Nd5 Qxb2 21. f6 Bxf6 22. Rxf6 gxf6 23. Nxf6+ Kg7 24. Rf1 h5 25. Qxh5 Rh8 26. Qg4+ Kh6 27. h4 Qxc2 28. Qg5# 1-0

[Event "CAN-ch U20"]
[Site "Mississauga CAN"]
[Date "2011.04.21"]
[Round "1"]
[White "Inigo, Aquino"]
[Black "Lee, Melissa"]
[Result "1-0"]
[WhiteElo "2079"]
[BlackElo "1562"]
[PlyCount "61"]
[GameId "2160767909770576"]
[EventDate "2011.04.22"]
[EventType "swiss"]
[EventRounds "9"]
[EventCountry "CAN"]
[SourceTitle "EXT 2022"]
[Source "ChessBase"]
[SourceDate "2021.10.06"]
[SourceVersion "1"]
[SourceVersionDate "2021.10.06"]
[SourceQuality "1"]

1. d4 Nf6 2. c4 g6 3. Nc3 Bg7 4. e4 d6 5. f3 Nbd7 6. Be3 O-O 7. Qd2 c5 8. Nge2 a6 9. Nc1 Rb8 10. Nb3 b6 11. Be2 Bb7 12. O-O cxd4 13. Bxd4 Nc5 14. Rfd1 Nxb3 15. axb3 Qc7 16. Qe3 Nd7 17. Bxg7 Kxg7 18. Qd4+ Kg8 19. b4 Nf6 20. Nd5 Nxd5 21. cxd5 b5 22. Rdc1 Qd7 23. Rc3 Rbc8 24. Rac1 h6 25. h3 g5 26. Kh2 e5 27. dxe6 Qxe6 28. Rc7 Rxc7 29. Rxc7 Rc8 30. Rxb7 Qe5+ 31. Qxe5 1-0

[Event "CAN-ch U20"]
[Site "Mississauga CAN"]
[Date "2011.04.21"]
[Round "1"]
[White "Itkin, David"]
[Black "Yang, Yimang"]
[Result "1-0"]
[WhiteElo "2173"]
[BlackElo "1654"]
[PlyCount "55"]
[GameId "2160767909770577"]
[EventDate "2011.04.22"]
[EventType "swiss"]
[EventRounds "9"]
[EventCountry "CAN"]
[SourceTitle "EXT 2022"]
[Source "ChessBase"]
[SourceDate "2021.10.06"]
[SourceVersion "1"]
[SourceVersionDate "2021.10.06"]
[SourceQuality "1"]

1. e4 c5 2. Nc3 d6 3. Nf3 Nd7 4. d4 cxd4 5. Nxd4 a6 6. Bc4 Ngf6 7. Bb3 Nc5 8. O-O Ncxe4 9. Nxe4 Nxe4 10. Bxf7+ Kxf7 11. Qh5+ g6 12. Qd5+ e6 13. Qxe4 Bg7 14. Bd2 Re8 15. Bc3 e5 16. Qd5+ Kf8 17. Bb4 Ke7 18. f4 Qb6 19. fxe5 Qxb4 20. c3 Qb6 21. exd6+ Kd8 22. Qg5+ Kd7 23. Rf7+ Kxd6 24. Rxg7 Qxb2 25. Rd1 Be6 26. Nxe6+ Kxe6 27. Qd5+ Kf6 28. Rf7# 1-0

[Event "CAN-ch U20"]
[Site "Mississauga CAN"]
[Date "2011.04.21"]
[Round "1"]
[White "Sapozhnikov, Roman"]
[Black "Lee, Brendon"]
[Result "1-0"]
[WhiteElo "2443"]
[BlackElo "1900"]
[PlyCount "71"]
[GameId "2160767909770581"]
[EventDate "2011.04.22"]
[EventType "swiss"]
[EventRounds "9"]
[EventCountry "CAN"]
[SourceTitle "EXT 2022"]
[Source "ChessBase"]
[SourceDate "2021.10.06"]
[SourceVersion "1"]
[SourceVersionDate "2021.10.06"]
[SourceQuality "1"]

1. e4 c5 2. Nf3 d6 3. d4 cxd4 4. Nxd4 Nf6 5. Nc3 g6 6. Be3 Bg7 7. f3 O-O 8. Qd2 Nc6 9. O-O-O Bd7 10. g4 a6 11. h4 Ne5 12. Bh6 b5 13. h5 b4 14. Nd5 Nxd5 15. exd5 Qc8 16. hxg6 fxg6 17. Bxg7 Kxg7 18. Qh6+ Kf7 19. Qxh7+ Ke8 20. Qg7 Nf7 21. Bd3 Ra7 22. Bxg6 e5 23. Bxf7+ Rxf7 24. Rh8+ Ke7 25. Qg5+ Rf6 26. Rh7+ Kd8 27. Rh8+ Be8 28. Qxf6+ Kc7 29. Qe7+ Kb6 30. Qxd6+ Kb7 31. Nc6 a5 32. Rh7+ Kb6 33. Nxa7+ Qc6 34. dxc6 a4 35. Qxb4+ Ka6 36. Qb5# 1-0

[Event "CAN-ch U20"]
[Site "Mississauga CAN"]
[Date "2011.04.22"]
[Round "2"]
[White "Giblon, Rebecca"]
[Black "Qin, Zi Yi (Joey)"]
[Result "0-1"]
[WhiteElo "1580"]
[BlackElo "2370"]
[PlyCount "64"]
[GameId "2160767909770584"]
[EventDate "2011.04.22"]
[EventType "swiss"]
[EventRounds "9"]
[EventCountry "CAN"]

1. e4 c5 2. Nf3 d6 3. d4 cxd4 4. Nxd4 Nf6 5. Nc3 a6 6. f3 e5 7. Nf5 d5 8. Bg5 d4 9. Ne2 h6 10. Bh4 g6 11. Bxf6 Qxf6 12. Nfg3 h5 13. h4 Nc6 14. Qd2 Bh6 15. Qd3 Be6 16. c3 O-O 17. cxd4 exd4 18. Nc1 Rac8 19. a3 Ne5 20. Qd1 Bf4 21. Nge2 Be3 22. Nb3 Rfd8 23. Nec1 d3 24. Nxd3 Nxd3+ 25. Bxd3 Qxb2 26. Qe2 Qc3+ 27. Kf1 Rxd3 28. g3 Bxb3 29. Rb1 Rd2 30. Qe1 Bc4+ 31. Qe2 Bxe2+ 32. Ke1 Rb2# 0-1

[Event "CAN-ch U20"]
[Site "Mississauga CAN"]
[Date "2011.04.22"]
[Round "2"]
[White "Lee, Brendon"]
[Black "Qian, Owen"]
[Result "1-0"]
[WhiteElo "1931"]
[BlackElo "1488"]
[PlyCount "107"]
[GameId "2160767909770586"]
[EventDate "2011.04.22"]
[EventType "swiss"]
[EventRounds "9"]
[EventCountry "CAN"]
[SourceTitle "EXT 2022"]
[Source "ChessBase"]
[SourceDate "2021.10.06"]
[SourceVersion "1"]
[SourceVersionDate "2021.10.06"]
[SourceQuality "1"]

1. e4 e6 2. d3 d5 3. Nd2 Nf6 4. Ngf3 c5 5. g3 Nc6 6. Bg2 b6 7. O-O Be7 8. Re1 O-O 9. e5 Nd7 10. Nf1 Ba6 11. h4 Qc7 12. Bf4 Rfe8 13. N1h2 b5 14. h5 c4 15. d4 b4 16. c3 bxc3 17. bxc3 Qa5 18. Qc2 Rab8 19. Ng4 Ba3 20. Reb1 Bb5 21. Bc1 Rb6 22. Qd2 Bxc1 23. Rxc1 Reb8 24. Qg5 Kf8 25. h6 gxh6 26. Nxh6 Ne7 27. Qf4 Ke8 28. Qxf7+ Kd8 29. Ng5 Qa6 30. Bh3 Nf5 31. Nxf5 exf5 32. e6 h6 33. a4 hxg5 34. axb5 Qxb5 35. exd7 Qxd7 36. Qxd7+ Kxd7 37. Bxf5+ Ke7 38. Rxa7+ Kf6 39. g4 R6b7 40. Rxb7 Rxb7 41. Kg2 Rb3 42. Kg3 Ra3 43. Kf3 Rb3 44. Ke2 Ra3 45. Kd2 Ra2+ 46. Bc2 Ra7 47. Re1 Rd7 48. Re5 Rd8 49. Rf5+ Ke6 50. Rxg5 Rh8 51. Re5+ Kd6 52. g5 Rh2 53. Rf5 Rg2 54. g6 1-0

[Event "CAN-ch U20"]
[Site "Mississauga CAN"]
[Date "2011.04.22"]
[Round "2"]
[White "Peng, Jackie"]
[Black "Itkin, David"]
[Result "1/2-1/2"]
[WhiteElo "1952"]
[BlackElo "2173"]
[PlyCount "70"]
[GameId "2160767909770588"]
[EventDate "2011.04.22"]
[EventType "swiss"]
[EventRounds "9"]
[EventCountry "CAN"]
[SourceTitle "EXT 2022"]
[Source "ChessBase"]
[SourceDate "2021.10.06"]
[SourceVersion "1"]
[SourceVersionDate "2021.10.06"]
[SourceQuality "1"]

1. e4 c5 2. Nf3 d6 3. d4 cxd4 4. Nxd4 Nf6 5. Nc3 Nc6 6. Bg5 e6 7. Qd2 Be7 8. O-O-O O-O 9. f4 h6 10. Bxf6 Bxf6 11. Ndb5 Qa5 12. Nxd6 Rd8 13. Kb1 Be7 14. Ncb5 Qxd2 15. Rxd2 a6 16. Nc7 Ra7 17. e5 b6 18. Nxc8 Rxd2 19. Kc1 Rxc2+ 20. Kxc2 Rxc7 21. Nxe7+ Nxe7+ 22. Kb1 Nd5 23. g3 a5 24. Bg2 Ne3 25. Bf3 Kf8 26. Re1 Nc4 27. Re2 Rd7 28. Kc2 b5 29. b3 Na3+ 30. Kc1 b4 31. Rd2 Rc7+ 32. Kb2 Nb5 33. Rd8+ Ke7 34. Ra8 Nd4 35. Be4 Rc5 1/2-1/2

[Event "CAN-ch U20"]
[Site "Mississauga CAN"]
[Date "2011.04.22"]
[Round "2"]
[White "Yang, Yimang"]
[Black "Giblon, Melissa"]
[Result "1-0"]
[WhiteElo "1654"]
[BlackElo "1348"]
[PlyCount "133"]
[GameId "2160767909770592"]
[EventDate "2011.04.22"]
[EventType "swiss"]
[EventRounds "9"]
[EventCountry "CAN"]
[SourceTitle "EXT 2022"]
[Source "ChessBase"]
[SourceDate "2021.10.06"]
[SourceVersion "1"]
[SourceVersionDate "2021.10.06"]
[SourceQuality "1"]

1. d4 Nf6 2. Nf3 g6 3. c4 Bg7 4. Nc3 d5 5. e3 O-O 6. Bd3 dxc4 7. Bxc4 Bf5 8. O-O Nc6 9. Nh4 Bg4 10. f3 Bc8 11. g3 a6 12. Ng2 b5 13. Be2 Bh3 14. Re1 g5 15. d5 Nb4 16. e4 c6 17. a3 Nbxd5 18. exd5 Nxd5 19. Nxd5 Qxd5 20. Qxd5 cxd5 21. Rb1 Bf5 22. Ra1 h6 23. Ne3 Be6 24. Bd3 Rac8 25. Nf5 Rfe8 26. Nxg7 Kxg7 27. Be3 Red8 28. Bd4+ Kg8 29. Rac1 Rxc1 30. Rxc1 Rc8 31. Rc5 Kf8 32. b3 f6 33. a4 Rxc5 34. Bxc5 bxa4 35. bxa4 Bc8 36. Kf2 Kf7 37. Ke2 e5 38. g4 Ke8 39. Bg6+ Kd7 40. Bf5+ Kc7 41. Bxc8 Kxc8 42. Be7 Kd7 43. Bxf6 Kd6 44. Kd3 e4+ 45. fxe4 dxe4+ 46. Kxe4 Kc5 47. a5 Kb5 48. Bd8 Kc4 49. Kf5 Kd3 50. Kg6 Ke2 51. Kxh6 Kf2 52. Kxg5 Kg2 53. h4 Kg3 54. h5 Kf3 55. h6 Ke4 56. h7 Kd5 57. h8=Q Kc5 58. Qe5+ Kb4 59. Qd5 Kc3 60. Qe4 Kd2 61. Qf3 Ke1 62. Qg2 Kd1 63. Qf2 Kc1 64. Qe2 Kb1 65. Qd2 Ka1 66. Bf6+ Kb1 67. Qb2# 1-0

[Event "CAN-ch U20"]
[Site "Mississauga CAN"]
[Date "2011.04.22"]
[Round "3"]
[White "Giblon, Melissa"]
[Black "Giblon, Rebecca"]
[Result "0-1"]
[WhiteElo "1348"]
[BlackElo "1580"]
[PlyCount "54"]
[GameId "2160767909770594"]
[EventDate "2011.04.22"]
[EventType "swiss"]
[EventRounds "9"]
[EventCountry "CAN"]
[SourceTitle "EXT 2022"]
[Source "ChessBase"]
[SourceDate "2021.10.06"]
[SourceVersion "1"]
[SourceVersionDate "2021.10.06"]
[SourceQuality "1"]

1. c4 e5 2. Nc3 Nf6 3. g3 d5 4. cxd5 Nxd5 5. Bg2 Nb6 6. Nf3 Nc6 7. O-O f6 8. d3 Be6 9. a3 Qd7 10. Be3 O-O-O 11. Bxb6 axb6 12. b4 g5 13. b5 Na5 14. a4 h5 15. Ne4 Be7 16. Qc2 h4 17. Qc3 Rdg8 18. Rab1 f5 19. Nxe5 Qd8 20. Nd2 hxg3 21. hxg3 Bf6 22. d4 f4 23. Ne4 Bg7 24. gxf4 gxf4 25. Rfd1 Bxe5 26. dxe5 Qh4 27. Qf3 Qh1# 0-1

[Event "CAN-ch U20"]
[Site "Mississauga CAN"]
[Date "2011.04.22"]
[Round "3"]
[White "Gladstone, Simon"]
[Black "Lee, Melissa"]
[Result "1-0"]
[WhiteElo "1999"]
[BlackElo "1562"]
[PlyCount "58"]
[GameId "2160767909770595"]
[EventDate "2011.04.22"]
[EventType "swiss"]
[EventRounds "9"]
[EventCountry "CAN"]
[SourceTitle "EXT 2022"]
[Source "ChessBase"]
[SourceDate "2021.10.06"]
[SourceVersion "1"]
[SourceVersionDate "2021.10.06"]
[SourceQuality "1"]

1. e4 c5 2. Nf3 d6 3. d4 cxd4 4. Nxd4 Nf6 5. Nc3 g6 6. Be3 Bg7 7. f3 Nc6 8. Qd2 O-O 9. Bc4 Bd7 10. O-O-O Nxd4 11. Bxd4 Qc7 12. Bb3 b5 13. Bxf6 exf6 14. Qxd6 Qxd6 15. Rxd6 b4 16. Nd5 Be6 17. Nxb4 Bxb3 18. axb3 Rab8 19. Nd5 Rfd8 20. Nxf6+ Kh8 21. Rxd8+ Rxd8 22. Nd5 f5 23. c4 fxe4 24. fxe4 Rf8 25. c5 a6 26. Nc3 Bd4 27. Na4 Rc8 28. Kb1 Bxc5 29. Rc1 Be3 1-0

[Event "CAN-ch U20"]
[Site "Mississauga CAN"]
[Date "2011.04.22"]
[Round "3"]
[White "Qian, Owen"]
[Black "Liu, Jiaxin (Dora)"]
[Result "1-0"]
[WhiteElo "1488"]
[BlackElo "1440"]
[PlyCount "150"]
[GameId "2160767909770597"]
[EventDate "2011.04.22"]
[EventType "swiss"]
[EventRounds "9"]
[EventCountry "CAN"]
[SourceTitle "hb 2012"]

1. d4 d5 2. c4 e6 3. Nc3 Nf6 4. Bg5 c6 5. Nf3 Be7 6. e3 O-O 7. Bd3 dxc4 8. Bxc4 b5 9. Bd3 Bb7 10. Qc2 h6 11. Bxf6 Bxf6 12. O-O Nd7 13. Rfd1 Qc7 14. Nxb5 Qb8 15. Nc3 Kh8 16. Ne4 Be7 17. Rab1 a5 18. Qe2 c5 19. dxc5 Nxc5 20. Nxc5 Bxc5 21. Nd2 Bd6 22. h3 Bc7 23. Be4 Bxe4 24. Nxe4 Rd8 25. b3 Rxd1+ 26. Rxd1 Qe8 27. Qc4 Rc8 28. Qe2 Qc6 29. f3 f5 30. Nf2 Bb8 31. Nd3 Qc7 32. f4 Kh7 33. Kf2 Qc2 34. Rd2 Qc7 35. a3 Qe7 36. b4 axb4 37. axb4 Qh4+ 38. Kg1 Qg3 39. Qf2 Qxf2+ 40. Kxf2 Ba7 41. Rb2 Rc3 42. Ke2 Bb6 43. Kd2 Rc4 44. Ne5 Rc7 45. Kd3 Kg8 46. e4 fxe4+ 47. Kxe4 Kf8 48. Rd2 Ke8 49. Rd6 Ba7 50. Rxe6+ Kf8 51. Ra6 Bg1 52. Ra1 Bb6 53. Rb1 Ke7 54. Rb3 Kf6 55. Kd5 Ke7 56. Rg3 Ke8 57. Rg6 Ba7 58. g4 Be3 59. f5 Bf2 60. f6 gxf6 61. Kd6 fxe5 62. Kxc7 Bg3 63. b5 e4+ 64. Kc6 Kf7 65. Rxh6 e3 66. Kd5 e2 67. Re6 e1=Q 68. Rxe1 Bxe1 69. b6 Bg3 70. Kc6 Ke7 71. Kb7 Kf6 72. Kc8 Kg5 73. b7 Kh4 74. b8=Q Bxb8 75. Kxb8 Kg5 1-0

[Event "CAN-ch U20"]
[Site "Mississauga CAN"]
[Date "2011.04.22"]
[Round "3"]
[White "Qin, Zi Yi (Joey)"]
[Black "Peng, Jackie"]
[Result "1-0"]
[WhiteElo "2370"]
[BlackElo "1952"]
[PlyCount "79"]
[GameId "2160767909770598"]
[EventDate "2011.04.22"]
[EventType "swiss"]
[EventRounds "9"]
[EventCountry "CAN"]
[SourceTitle "hb 2012"]

1. e4 c5 2. Nf3 d6 3. d4 cxd4 4. Nxd4 Nf6 5. Nc3 g6 6. Be3 Bg7 7. f3 O-O 8. Qd2 Nc6 9. Bc4 Bd7 10. h4 Ne5 11. Bb3 Rc8 12. O-O-O h5 13. Bg5 Nc4 14. Qe2 Ne5 15. g4 Nfxg4 16. fxg4 Bxg4 17. Qf2 Bxd1 18. Rxd1 Kh7 19. Kb1 Nc6 20. Nxc6 bxc6 21. Qxa7 Rc7 22. Qe3 Qd7 23. Qd3 Be5 24. Ne2 f5 25. c3 fxe4 26. Qxe4 Qf5 27. Bc2 Qxe4 28. Bxe4 d5 29. Bd3 Bd6 30. Nd4 Rf2 31. Ne6 Rb7 32. Rd2 Rxd2 33. Bxd2 Rb8 34. Be3 Be5 35. Kc2 Bf6 36. Bf2 Rg8 37. b4 Kh6 38. a4 Ra8 39. a5 Be5 40. a6 1-0

[Event "CAN-ch U20"]
[Site "Mississauga CAN"]
[Date "2011.04.22"]
[Round "3"]
[White "Zhou, Qiyu"]
[Black "Lee, Brendon"]
[Result "0-1"]
[WhiteElo "1728"]
[BlackElo "1931"]
[PlyCount "90"]
[GameId "2160767909770599"]
[EventDate "2011.04.22"]
[EventType "swiss"]
[EventRounds "9"]
[EventCountry "CAN"]
[SourceTitle "EXT 2022"]
[Source "ChessBase"]
[SourceDate "2021.10.06"]
[SourceVersion "1"]
[SourceVersionDate "2021.10.06"]
[SourceQuality "1"]

1. e4 c5 2. Nf3 d6 3. d4 cxd4 4. Nxd4 Nf6 5. Nc3 g6 6. Be3 Bg7 7. f3 O-O 8. Qd2 Nc6 9. O-O-O d5 10. exd5 Nxd5 11. Nxd5 Qxd5 12. Nxc6 Qxc6 13. Qb4 Bf5 14. Bd3 Bxd3 15. Rxd3 Rac8 16. Rd2 a5 17. Qb6 Qxb6 18. Bxb6 Bh6 19. Bxa5 b5 20. b4 Ra8 21. Bc7 Rfc8 22. Be5 f6 23. Bb2 Rxa2 24. Rhd1 Ra4 25. Kb1 Bxd2 26. Rxd2 Rxb4 27. Kc1 Rbc4 28. Ba3 Kf7 29. Kb1 b4 30. Bb2 R8c7 31. h3 e5 32. h4 Ke6 33. g4 Rf4 34. Rd3 e4 35. Rd4 f5 36. gxf5+ gxf5 37. Rxb4 Rxf3 38. Rb6+ Kd5 39. Rb5+ Kc4 40. Ra5 Rb7 41. Ka2 e3 42. Ra3 f4 43. Rc3+ Kd5 44. Rd3+ Ke4 45. Rd6 Rf7 0-1

[Event "CAN-ch U20"]
[Site "Mississauga CAN"]
[Date "2011.04.23"]
[Round "3"]
[White "Inigo, Aquino"]
[Black "Yang, Yimang"]
[Result "1-0"]
[WhiteElo "2079"]
[BlackElo "1914"]
[PlyCount "150"]
[GameId "2160767909770600"]
[EventDate "2011.04.22"]
[EventType "swiss"]
[EventRounds "9"]
[EventCountry "CAN"]
[SourceTitle "EXT 2022"]
[Source "ChessBase"]
[SourceDate "2021.10.06"]
[SourceVersion "1"]
[SourceVersionDate "2021.10.06"]
[SourceQuality "1"]

1. d4 d5 2. c4 c6 3. Nf3 Nf6 4. Nc3 dxc4 5. a4 Bf5 6. e3 e6 7. Bxc4 Bb4 8. O-O Nbd7 9. Qe2 O-O 10. Bd2 Bg6 11. Rfd1 Qc7 12. Bd3 Bh5 13. Ne4 Bxd2 14. Nxf6+ Nxf6 15. Rxd2 h6 16. Qd1 Rac8 17. Be2 Qe7 18. Ne5 Bxe2 19. Qxe2 c5 20. Rad1 Qd6 21. Nf3 cxd4 22. Rxd4 Qc5 23. h3 Qc2 24. R1d2 Qc1+ 25. Kh2 Qc7+ 26. g3 Rfd8 27. Rxd8+ Rxd8 28. Rc2 Qd6 29. Kg1 Kf8 30. Qb5 Rd7 31. Rc4 Rc7 32. Rd4 Qc6 33. Qb4+ Qc5 34. Qd2 Ke7 35. e4 Rd7 36. e5 Nd5 37. Qe2 Rc7 38. Rg4 Kf8 39. Nd4 a6 40. Kg2 Re7 41. Qd3 Kg8 42. Qd2 Kh7 43. Qd3+ Kg8 44. Ne2 Qc7 45. Rc4 Qd7 46. Qc2 Re8 47. Nd4 Nb6 48. Rb4 Nd5 49. Rb3 Rc8 50. Qe4 Rc7 51. Ne2 Qc6 52. Nc3 Nxc3 53. Qxc6 Rxc6 54. Rxc3 Rxc3 55. bxc3 Kf8 56. Kf3 Ke7 57. Ke4 Kd7 58. Kd4 Kc6 59. c4 Kb6 60. Kc3 Kc5 61. f3 g6 62. h4 g5 63. h5 a5 64. g4 b6 65. f4 gxf4 66. g5 f3 67. Kd3 f2 68. Ke2 f1=Q+ 69. Kxf1 hxg5 70. h6 Kxc4 71. h7 Kb4 72. h8=Q Kxa4 73. Qe8+ b5 74. Qxf7 b4 75. Qxe6 b3 1-0

[Event "CAN-ch U20"]
[Site "Mississauga CAN"]
[Date "2011.04.23"]
[Round "4"]
[White "Lee, Melissa"]
[Black "Zhou, Qiyu"]
[Result "0-1"]
[WhiteElo "1562"]
[BlackElo "1728"]
[PlyCount "98"]
[GameId "2160767909770604"]
[EventDate "2011.04.22"]
[EventType "swiss"]
[EventRounds "9"]
[EventCountry "CAN"]
[SourceTitle "EXT 2022"]
[Source "ChessBase"]
[SourceDate "2021.10.06"]
[SourceVersion "1"]
[SourceVersionDate "2021.10.06"]
[SourceQuality "1"]

1. e4 c5 2. Nf3 Nc6 3. d4 cxd4 4. Nxd4 Nf6 5. Nc3 e5 6. Ndb5 d6 7. Bg5 a6 8. Bxf6 gxf6 9. Na3 b5 10. Nd5 Bg7 11. c3 f5 12. Bd3 Be6 13. Nc2 f4 14. Be2 O-O 15. Ncb4 Ne7 16. g3 fxg3 17. hxg3 Nxd5 18. Nxd5 Bxd5 19. Qxd5 Qf6 20. Qd3 Qe6 21. Bd1 Rad8 22. Bb3 Qg6 23. f4 exf4 24. Rg1 Be5 25. g4 Rfe8 26. O-O-O Bf6 27. Bd5 Bg5 28. Kb1 Re5 29. Rdf1 Rd7 30. Ka1 Rc7 31. Qd4 Rc5 32. Qb4 Re7 33. Rf3 Ra7 34. Qd4 Qg7 35. Qf2 Rac7 36. Kb1 a5 37. Rd1 Qe5 38. Qh2 h6 39. Qe2 Kg7 40. Qd2 Rc8 41. Rdf1 b4 42. c4 Rb8 43. Qh2 a4 44. Kc2 a3 45. bxa3 bxa3 46. Kd3 Rb2 47. Qg1 Bf6 48. Rc1 Rxa2 49. Rc2 Rxc2 0-1

[Event "CAN-ch U20"]
[Site "Mississauga CAN"]
[Date "2011.04.23"]
[Round "4"]
[White "Liu, Jiaxin (Dora)"]
[Black "Giblon, Melissa"]
[Result "1-0"]
[WhiteElo "1440"]
[BlackElo "1348"]
[PlyCount "133"]
[GameId "2160767909770605"]
[EventDate "2011.04.22"]
[EventType "swiss"]
[EventRounds "9"]
[EventCountry "CAN"]

1. e4 c5 2. Nf3 d6 3. d4 cxd4 4. Nxd4 Nf6 5. Nc3 Nc6 6. Be2 g6 7. Be3 Bg7 8. O-O O-O 9. Qd2 Ng4 10. Bxg4 Bxg4 11. Nxc6 bxc6 12. Bh6 Qb6 13. Bxg7 Kxg7 14. Rab1 Be6 15. a3 Rfd8 16. Qe2 Qc5 17. Rfe1 Qg5 18. Qf3 Rac8 19. Qe3 Qxe3 20. Rxe3 d5 21. exd5 cxd5 22. Re2 d4 23. Ne4 Bf5 24. f3 Bd7 25. Ng3 Kf8 26. Rbe1 e6 27. Rd2 Ba4 28. b3 Bb5 29. Re4 d3 30. c4 Bc6 31. Re3 Rb8 32. Rexd3 Rxd3 33. Rxd3 Ke7 34. Kf2 f5 35. Ne2 Rd8 36. Rxd8 Kxd8 37. Ke3 g5 38. Nd4 Kd7 39. Nxc6 Kxc6 40. Kd4 Kd6 41. c5+ Kc7 42. Ke5 a6 43. c6 f4 44. b4 h5 45. h3 Kd8 46. Kd6 Kc8 47. a4 e5 48. Kxe5 Kc7 49. b5 axb5 50. axb5 h4 51. Kf5 Kb6 52. Kxg5 Kc7 53. Kxf4 Kb6 54. Kg4 Kc7 55. f4 Kb6 56. f5 Kc7 57. f6 Kb6 58. f7 Kc7 59. f8=Q Kb6 60. Qb8+ Kc5 61. c7 Kd4 62. c8=Q Ke3 63. Qe5+ Kf2 64. Qc2+ Kf1 65. Qee2+ Kg1 66. g3 hxg3 67. Qg2# 1-0

[Event "CAN-ch U20"]
[Site "Mississauga CAN"]
[Date "2011.04.23"]
[Round "4"]
[White "Miller, David"]
[Black "Giblon, Rebecca"]
[Result "1-0"]
[WhiteElo "1944"]
[BlackElo "1580"]
[PlyCount "37"]
[GameId "2160767909770606"]
[EventDate "2011.04.22"]
[EventType "swiss"]
[EventRounds "9"]
[EventCountry "CAN"]
[SourceTitle "EXT 2022"]
[Source "ChessBase"]
[SourceDate "2021.10.06"]
[SourceVersion "1"]
[SourceVersionDate "2021.10.06"]
[SourceQuality "1"]

1. e4 e5 2. Nf3 Nc6 3. Bb5 a6 4. Ba4 Nf6 5. O-O Nxe4 6. d4 exd4 7. Re1 f5 8. Nxd4 Bc5 9. Rxe4+ fxe4 10. Qh5+ g6 11. Qxc5 Qf6 12. Be3 Rf8 13. Nc3 b6 14. Qd5 Bb7 15. Nxe4 Qh4 16. Bg5 Qh5 17. Nxc6 Rf5 18. Qg8+ Rf8 19. Nf6# 1-0

[Event "CAN-ch U20"]
[Site "Mississauga CAN"]
[Date "2011.04.24"]
[Round "4"]
[White "Baizhiyenov, Damir"]
[Black "Qian, Owen"]
[Result "0-1"]
[WhiteElo "1491"]
[BlackElo "1488"]
[PlyCount "150"]
[GameId "2160767909770610"]
[EventDate "2011.04.22"]
[EventType "swiss"]
[EventRounds "9"]
[EventCountry "CAN"]
[SourceTitle "EXT 2022"]
[Source "ChessBase"]
[SourceDate "2021.10.06"]
[SourceVersion "1"]
[SourceVersionDate "2021.10.06"]
[SourceQuality "1"]

1. e4 e6 2. d4 d5 3. Nd2 Be7 4. Ngf3 Nf6 5. Bd3 c5 6. c3 Nc6 7. dxc5 a5 8. O-O O-O 9. a4 Bxc5 10. Qc2 h6 11. Re1 b6 12. Nb3 Ba6 13. Nxc5 bxc5 14. exd5 Bxd3 15. Qxd3 exd5 16. Qb5 Qd6 17. Be3 Ne4 18. Qd3 Rfe8 19. Rad1 Rad8 20. h3 c4 21. Qc2 Qb8 22. Nd4 Ne5 23. Re2 Qb7 24. Nb5 Nd3 25. b3 Nd6 26. bxc4 dxc4 27. Nxd6 Rxd6 28. Qb1 Rb8 29. Qxb7 Rxb7 30. Ra2 Rb3 31. Bd4 Rd7 32. Raa1 Rdb7 33. Kf1 Rb2 34. Ra3 g6 35. g3 f5 36. h4 Kf7 37. Be3 h5 38. Rd2 Ke6 39. Rxb2 Rxb2 40. f3 Rb1+ 41. Kg2 Rb3 42. Ra2 Rxc3 43. Bd2 Rb3 44. Rc2 Rb2 45. Rxb2 Nxb2 46. Bxa5 Nxa4 47. Kf2 Kd5 48. Ke3 Nc5 49. Bc3 Ne6 50. Bb2 Kc5 51. Bc3 Kb5 52. Kd2 Ka4 53. Kc2 Nc7 54. Kb2 Nd5 55. Bd2 Kb5 56. Be1 Kc5 57. Bf2+ Kb4 58. Kc2 Ne7 59. Be3 Nc6 60. Bd2+ Kc5 61. Be3+ Kd5 62. Kc3 Ne5 63. f4 Nd7 64. Bf2 Nf6 65. Be1 Ne4+ 66. Kc2 Kd4 67. Ba5 Ke3 68. Be1 Ke2 69. Ba5 Kf2 70. Kb2 Kxg3 71. Ka3 Kxf4 72. Kb4 c3 73. Kb3 Ke3 74. Bxc3 Nxc3 75. Kxc3 f4 0-1

[Event "CAN-ch U20"]
[Site "Mississauga CAN"]
[Date "2011.04.24"]
[Round "7"]
[White "Balzhiyenov, Damir"]
[Black "Giblon, Rebecca"]
[Result "0-1"]
[WhiteElo "1489"]
[BlackElo "1588"]
[PlyCount "78"]
[GameId "2160767909770611"]
[EventDate "2011.04.22"]
[EventType "swiss"]
[EventRounds "9"]
[EventCountry "CAN"]
[SourceTitle "hb 2012"]

1. e4 e5 2. Nf3 Nc6 3. Bb5 a6 4. Ba4 Nf6 5. d3 d6 6. h3 Bd7 7. Nc3 Be7 8. O-O O-O 9. Be3 b5 10. Bb3 Na5 11. Nd2 Nxb3 12. axb3 Bc6 13. f4 exf4 14. Bxf4 d5 15. Qf3 dxe4 16. Ncxe4 Nxe4 17. dxe4 f5 18. Qg3 fxe4 19. Rad1 Qe8 20. Kh1 Rf6 21. Qe3 Qf7 22. Rf2 Rf8 23. Rdf1 Bd6 24. Bg3 Qg6 25. Rxf6 Rxf6 26. Rxf6 gxf6 27. Bxd6 cxd6 28. Qb6 Qe8 29. Qe3 b4 30. Nb1 Qe5 31. Qb6 Qe8 32. Qxa6 f5 33. Qc4+ Kg7 34. Qd4+ Qe5 35. Qxb4 e3 36. Qe1 f4 37. Nc3 f3 38. gxf3 Bxf3+ 39. Kg1 Qg5+ 0-1